000 08381cam a2201705 a 4500
999 _c56572
001 7414239
003 LIBRIS
005 20210315100727.0
008 011211s1995 sw |||||||||||001 0|swe|
020 _a9153416112
_qINB.
_c145:00
020 _a9789153416111
035 _a(Bo)234518
035 _a(Mo)b1066563
040 _aNB
_ea
041 _aswe
082 0 4 _a745.72309485
_223/swe
084 _aIha-c
_2kssb/6
084 _aPmh
_2kssb/6
084 _aIhh-c
_2kssb/6
084 _aPmh
_2kssb
084 _aIha-c
_2kssb/6
084 _aPmh
_2kssb/6
084 _aIha-c
_2kssb/8
084 _aPmh
_2kssb/8
084 _aIh
_2kssb
084 _aP
_2kssb/7
100 1 _aNessle, Lena,
_d1939-2011
_0https://libris.kb.se/rp356sr910pr79b#it
245 1 0 _aSkönt målat :
_bdekorationsmåleriet genom tiderna /
_cLena Nessle, Pontus Tunander.
264 1 _aVästerås :
_bIca,
_c1995
264 3 _aItalien
300 _a143 s.
_bfärgill.
_c28 cm
340 _b28 cm
500 _5Mo
_aSAMB 960-02
500 _5Mo
_asvenska
650 7 _aDekorationsmålning
_xhistoria
_2sao
650 4 _aKonsthantverk
650 4 _aOrnamentik
650 4 _aVäggmålningar
651 4 _aSverige
_0https://libris.kb.se/97mppvdt327j8rx#it
951 s _6651
_aKonungariket Sverige
700 1 _aTunander, Pontus,
_d1957-2011
_0https://libris.kb.se/jgvz76k25r0nfn4#it
852 _dIh MAG
887 _a{"@id":"zg843wb95rjl4bj","modified":"2019-06-12T17:28:24.995+02:00","checksum":"182169594128"}
_2librisxl
887 _a{"@id":"8dkqwjrf5f2dtvf","modified":"2018-06-05T11:34:53.421+02:00","checksum":"58996723123"}
_2librisxl
887 _a{"@id":"ns0m14tt3zstj31","modified":"2014-04-01T10:28:27+02:00","checksum":"45962792833"}
_2librisxl
887 _a{"@id":"z3828m942fg4zlm","modified":"2004-10-22T13:38:04+02:00","checksum":"54501530723"}
_2librisxl
887 _a{"@id":"bgphpj3h3jbkgx7","modified":"2015-05-18T13:50:36+02:00","checksum":"49924616739"}
_2librisxl
887 _a{"@id":"chnt0mvj3kxsbkd","modified":"2018-06-05T11:34:53.428+02:00","checksum":"50682537205"}
_2librisxl
887 _a{"@id":"djpv1nwk5dgnmdj","modified":"2018-06-05T11:34:53.431+02:00","checksum":"46186768710"}
_2librisxl
887 _a{"@id":"ns0z0h7t02qrrpq","modified":"2008-08-19T13:34:37+02:00","checksum":"52629112352"}
_2librisxl
887 _a{"@id":"sx4j26vz29hgvqr","modified":"2012-04-03T09:43:08+02:00","checksum":"52494950196"}
_2librisxl
887 _a{"@id":"glrx3qzm08vrmkk","modified":"2018-06-05T11:34:53.435+02:00","checksum":"50887161440"}
_2librisxl
887 _a{"@id":"jnt05s1p0xc43vb","modified":"2003-12-18T08:45:17+01:00","checksum":"48559077526"}
_2librisxl
887 _a{"@id":"x2863tx32pndx9h","modified":"2017-06-26T10:11:35+02:00","checksum":"87575934393"}
_2librisxl
887 _a{"@id":"kpv16t2q41kwmqj","modified":"2018-06-05T11:34:53.443+02:00","checksum":"45662594579"}
_2librisxl
887 _a{"@id":"lqw27v3r4kfw2bl","modified":"2018-06-05T11:34:53.446+02:00","checksum":"51358114652"}
_2librisxl
887 _a{"@id":"qv16c07w4dv6fj3","modified":"2019-02-27T15:44:22.115+01:00","checksum":"46460265707"}
_2librisxl
887 _a{"@id":"pt05bz6v46mpqzc","modified":"2017-01-24T08:07:06+01:00","checksum":"50614419967"}
_2librisxl
887 _a{"@id":"jntmqhjp3714j02","modified":"2004-09-20T10:58:39+02:00","checksum":"76011273101"}
_2librisxl
887 _a{"@id":"rw27d18x1trf17s","modified":"2016-10-17T10:35:11+02:00","checksum":"47624334424"}
_2librisxl
887 _a{"@id":"15cctmr63nsnbwg","modified":"2009-02-23T15:22:24+01:00","checksum":"71049992589"}
_2librisxl
887 _a{"@id":"tz49g3c01m1jbrw","modified":"2018-06-05T11:34:53.457+02:00","checksum":"48463531770"}
_2librisxl
887 _a{"@id":"kpvmmd8q14s8987","modified":"2009-07-02T12:03:27+02:00","checksum":"56899623889"}
_2librisxl
887 _a{"@id":"59gmsfpb05pp1q2","modified":"2018-02-02T14:43:59+01:00","checksum":"47184475114"}
_2librisxl
887 _a{"@id":"jnvxlr2p0lvjlff","modified":"2009-11-02T11:48:35+01:00","checksum":"78905943442"}
_2librisxl
887 _a{"@id":"v05bh4d11356m19","modified":"2018-06-05T11:34:53.46+02:00","checksum":"50206528443"}
_2librisxl
887 _a{"@id":"w16cj5f23vnw52k","modified":"2018-06-05T11:34:53.464+02:00","checksum":"52210012655"}
_2librisxl
887 _a{"@id":"x27dk6g3538f2xr","modified":"2018-06-05T11:34:53.467+02:00","checksum":"55844163520"}
_2librisxl
887 _a{"@id":"049gm8j51871xms","modified":"2018-06-05T11:34:53.469+02:00","checksum":"54381687670"}
_2librisxl
887 _a{"@id":"pt0tqhwv4j235tf","modified":"2005-10-27T09:06:09+02:00","checksum":"81988402215"}
_2librisxl
887 _a{"@id":"v061r58108rbp6b","modified":"2017-03-15T13:08:49+01:00","checksum":"53149106036"}
_2librisxl
887 _a{"@id":"15bhn9k640ddh1q","modified":"2018-06-05T11:34:53.473+02:00","checksum":"47763763020"}
_2librisxl
887 _a{"@id":"6bjmcnqc1p1mdpx","modified":"2013-07-31T11:40:17+02:00","checksum":"47157748071"}
_2librisxl
887 _a{"@id":"26cjpbl7503lwjv","modified":"2018-06-05T11:34:53.475+02:00","checksum":"50600618894"}
_2librisxl
887 _a{"@id":"mrzv4zgs2k2w2ls","modified":"2007-07-09T09:04:10+02:00","checksum":"79158062846"}
_2librisxl
887 _a{"@id":"37dkqcm81nxtzw1","modified":"2006-03-05T13:48:51+01:00","checksum":"46000510217"}
_2librisxl
942 _2z
_cBOOK